Try to name these recent March Madness upsets - Statistics

General Stats
  • This quiz has been taken 418 times
    367 since last reset
  • The average score is 6 of 13
Answer Stats
Year - Opponent Winner % Correct
2024 - #3 Kentucky #14 Oakland
77%
2018 - #1 Virginia #16 University of Maryland, Baltimore County (UMBC)
75%
2023 - #1 Purdue #16 Fairleigh Dickinson
74%
2022 - #2 Kentucky #15 Saint Peter's
69%
2023 - #2 Arizona #15 Princeton
56%
2021 - #2 Ohio State #15 Oral Roberts
50%
2013 - #2 Georgetown #15 Florida Gulf Coast University (FGCU)
39%
2016 - #2 Michigan State #15 Middle Tennessee
31%
2014 - #3 Duke #14 Mercer
23%
2021 - #3 Texas #14 Abilene Christian
21%
2015 - #3 Baylor #14 Georgia State
17%
2016 - #3 West Virginia #14 Stephen F. Austin (SFA)
17%
2015 - #3 Iowa State #14 University of Alabama at Birmingham (UAB)
10%
No matching quizzes found
Score Distribution
Percent of People with Each Score
Percentile by Number Answered
Your Score History
You have not taken this quiz since the last reset